[Event "2MCRE_F"]
[Site "?"]
[Date "2003.??.??"]
[Round "?"]
[White "Thoma, Otomar"]
[Black "Vozda, Jindrich"]
[Result "1/2-1/2"]
[WhiteElo "2206"]
[BlackElo "2494"]
[PlyCount "73"]
[EventDate "2003.??.??"]
[EventType "corr"]
[SourceDate "2003.09.09"]

1. e4 e6 2. d4 d5 3. Nc3 Bb4 4. e5 c5 5. a3 Bxc3+ 6. bxc3 Ne7 7. Qg4 O-O 8. Bd3
f5 9. exf6 Rxf6 10. Bg5 Rf7 11. Qh5 g6 12. Qd1 Qa5 13. Bd2 Nbc6 14. Nf3 Qc7 15.
O-O e5 16. Ng5 Rf8 17. c4 cxd4 18. cxd5 Nxd5 19. Bc4 Nce7 20. Qe2 h6 21. Bb4
hxg5 22. Bxe7 Qxe7 23. Bxd5+ Kg7 24. Rfe1 Bf5 25. Rab1 Rab8 26. g4 Bd7 27.
Qxe5+ Qxe5 28. Rxe5 Bxg4 29. Re7+ Kf6 30. Rexb7 Rxb7 31. Rxb7 Bf5 32. Bb3 Rc8
33. Rxa7 Bxc2 34. Bxc2 Rxc2 35. a4 Ke6 36. Ra8 Ke5 37. a5 1/2-1/2

[Event "2MCRE_F"]
[Site "?"]
[Date "2003.??.??"]
[Round "?"]
[White "Prepiora, Vaclav"]
[Black "Alexa, Jaroslav"]
[Result "1/2-1/2"]
[WhiteElo "2362"]
[BlackElo "2362"]
[PlyCount "93"]
[EventDate "2003.??.??"]
[EventType "corr"]
[SourceDate "2003.09.09"]

1. e4 c5 2. Nf3 d6 3. d4 cxd4 4. Nxd4 Nf6 5. Nc3 a6 6. g3 e5 7. Nde2 Nbd7 8.
Bg2 Be7 9. a4 b6 10. Nd5 Nxd5 11. Qxd5 Rb8 12. O-O Bb7 13. Qd1 O-O 14. Nc3 Qc7
15. Be3 Nf6 16. Qe2 Rfd8 17. Rfd1 h6 18. Qd3 Ra8 19. h3 Bc6 20. Kh2 Qb7 21. f4
exf4 22. gxf4 b5 23. axb5 axb5 24. b4 Re8 25. Bd4 Nh5 26. Qf3 g6 27. Rxa8 Rxa8
28. Qg4 Bf6 29. Bxf6 Nxf6 30. Qe2 Ra3 31. Rd3 Ne8 32. e5 Bxg2 33. Qxg2 Qxg2+
34. Kxg2 dxe5 35. fxe5 Nc7 36. Kf3 Kg7 37. h4 g5 38. hxg5 hxg5 39. Kg4 Kg6 40.
Rd6+ Ne6 41. Rc6 f5+ 42. exf6 Nd4 43. Rc7 Nxc2 44. f7 Ra8 45. Nxb5 Nxb4 46. Nd6
Rf8 47. Rc5 1/2-1/2

[Event "2MCRE_F"]
[Site "?"]
[Date "2003.??.??"]
[Round "?"]
[White "Prepiora, Vaclav"]
[Black "Pravec, Ladislav"]
[Result "1/2-1/2"]
[WhiteElo "2362"]
[BlackElo "2302"]
[PlyCount "117"]
[EventDate "2003.??.??"]
[EventType "corr"]
[SourceDate "2003.09.09"]

1. e4 c5 2. Nf3 Nc6 3. d4 cxd4 4. Nxd4 Nf6 5. Nc3 d6 6. Bg5 Qb6 7. Be3 a6 8.
Nb3 Qc7 9. Nd5 Nxd5 10. exd5 Ne5 11. Be2 e6 12. O-O Be7 13. dxe6 Bxe6 14. f4
Nc6 15. Nd4 Bd7 16. c3 Bf6 17. Nc2 O-O 18. Bd3 Rae8 19. Qh5 g6 20. Qf3 Ne7 21.
Bf2 Bg7 22. Rae1 Qc6 23. Qd1 Qa4 24. Nb4 Qxd1 25. Rxd1 Be6 26. Rd2 a5 27. Nc2
Bxa2 28. Ra1 Be6 29. Rxa5 Nd5 30. f5 gxf5 31. Bf1 Nxc3 32. bxc3 Bxc3 33. Rad5
Bxd2 34. Rxd2 Ra8 35. Rxd6 Rfc8 36. Nb4 Bc4 37. Rd1 Bxf1 38. Kxf1 Kg7 39. Nd5
Ra2 40. Rb1 Rd2 41. Nf4 Rcc2 42. Be3 Rd7 43. Ne2 Ra2 44. Rb5 f6 45. Rxf5 Rd3
46. Kf2 Rb3 47. Bd4 Rd3 48. Rf4 Rdd2 49. Re4 Kf7 50. Kf3 b5 51. Bc5 Rd3+ 52.
Re3 Rxe3+ 53. Kxe3 h5 54. h4 Ke6 55. g3 Kf5 56. Kf3 Rb2 57. Nd4+ Kg6 58. Ne6
Kf5 59. Nd4+ 1/2-1/2

[Event "2MCRE_F"]
[Site "?"]
[Date "2003.??.??"]
[Round "?"]
[White "Privoznik, Lubos"]
[Black "Kohler, Josef"]
[Result "1-0"]
[WhiteElo "2249"]
[BlackElo "2256"]
[PlyCount "77"]
[EventDate "2003.??.??"]
[EventType "corr"]
[SourceDate "2003.09.09"]

1. Nf3 Nf6 2. c4 c5 3. Nc3 e6 4. g3 b6 5. Bg2 Bb7 6. d4 cxd4 7. Qxd4 Be7 8. O-O
d6 9. Bg5 a6 10. Rfd1 Nbd7 11. Qd2 O-O 12. Bf4 Ne8 13. b3 Qc7 14. Rac1 Rd8 15.
e4 h6 16. Ne1 Rc8 17. f3 Rd8 18. Nd3 Ne5 19. Be3 Nf6 20. Bd4 Rc8 21. f4 Nxd3
22. Qxd3 Nd7 23. Qd2 Rfd8 24. Be3 Nf6 25. Qd4 Nd7 26. f5 Nc5 27. fxe6 fxe6 28.
b4 Bf6 29. Qd2 Nd7 30. Bh3 Nf8 31. Na4 Bxe4 32. Bxb6 Qc6 33. Bxd8 Rxd8 34. b5
Qd7 35. Qe3 Bg5 36. Qxe4 axb5 37. cxb5 Bxc1 38. Rxc1 Qxb5 39. Bxe6+ 1-0

[Event "2MCRE_F"]
[Site "?"]
[Date "2003.??.??"]
[Round "?"]
[White "Koci, Vladimir"]
[Black "Postl, Rostislav"]
[Result "1/2-1/2"]
[WhiteElo "2243"]
[BlackElo "2251"]
[PlyCount "99"]
[EventDate "2003.??.??"]
[EventType "corr"]
[SourceDate "2003.09.09"]

1. d4 d5 2. Nf3 Nf6 3. Bf4 c5 4. e3 Nc6 5. c3 Qb6 6. Qb3 Qxb3 7. axb3 cxd4 8.
exd4 e6 9. Na3 Be7 10. Nb5 O-O 11. Ne5 a6 12. Nc7 Ra7 13. b4 Nh5 14. Be3 Bd6
15. b5 axb5 16. Rxa7 Nxa7 17. Nxb5 Nxb5 18. Bxb5 f6 19. Nd3 e5 20. O-O e4 21.
Nc5 f5 22. c4 Nf6 23. b3 Kf7 24. Ra1 Ng4 25. Bd2 Bxh2+ 26. Kf1 Kg6 27. cxd5 Bd6
28. Ra7 Nf6 29. Bc4 Re8 30. Ba5 f4 31. f3 exf3 32. gxf3 Bb8 33. Ra8 Bc7 34.
Bxc7 Bh3+ 35. Kf2 Rxa8 36. Bxf4 Ra2+ 37. Ke3 b6 38. Ne6 Bf5 39. d6 Ra8 40. Nc7
Rb8 41. Bg3 Rh8 42. Nd5 Nxd5+ 43. Bxd5 Bd7 44. Bh4 Kf5 45. Be7 h5 46. Be4+ Ke6
47. Kf4 h4 48. Bf5+ Kf7 49. Bxd7 h3 50. Bc6 1/2-1/2

[Event "2MCRE_F"]
[Site "?"]
[Date "2003.??.??"]
[Round "?"]
[White "Pravec, Ladislav"]
[Black "Privoznik, Lubos"]
[Result "1-0"]
[WhiteElo "2302"]
[BlackElo "2249"]
[PlyCount "95"]
[EventDate "2003.??.??"]
[EventType "corr"]
[SourceDate "2003.09.09"]

1. d4 Nf6 2. c4 e6 3. Nf3 c5 4. d5 d6 5. Nc3 exd5 6. cxd5 g6 7. Bf4 a6 8. a4
Qe7 9. g3 Bg7 10. Bg2 O-O 11. O-O Nbd7 12. Qc2 Re8 13. Rfe1 b6 14. Rab1 Bb7 15.
e4 Ng4 16. Bg5 Qf8 17. h3 Nge5 18. Nd2 Rac8 19. Be3 c4 20. Bf1 Nc5 21. Bxc5
Rxc5 22. f4 Nd3 23. Bxd3 cxd3 24. Qxd3 Rec8 25. Re3 Qe7 26. e5 dxe5 27. fxe5
Rd8 28. Nde4 Rc7 29. Nf2 Qb4 30. d6 Rcd7 31. Nd5 Qxa4 32. b4 Qc6 33. Rd1 Qxd5
34. Qxd5 Bxd5 35. Rxd5 Kf8 36. Ne4 Rc8 37. Kf2 Rc4 38. b5 a5 39. Rc3 Rxc3 40.
Nxc3 Ke8 41. Ke3 Rb7 42. g4 Kd7 43. g5 h6 44. h4 Rb8 45. Na4 hxg5 46. hxg5 Rb7
47. Ke4 Bh8 48. Nb2 1-0

[Event "2MCRE_F"]
[Site "?"]
[Date "2003.??.??"]
[Round "?"]
[White "Kohler, Josef"]
[Black "Vozda, Jindrich"]
[Result "0-1"]
[WhiteElo "2256"]
[BlackElo "2494"]
[PlyCount "86"]
[EventDate "2003.??.??"]
[EventType "corr"]
[SourceDate "2003.09.09"]

1. c4 e5 2. Nc3 Nf6 3. g3 d5 4. cxd5 Nxd5 5. Bg2 Nb6 6. Nf3 Nc6 7. O-O Be7 8.
a3 O-O 9. b4 Be6 10. d3 Nd4 11. Bb2 Nb3 12. Rb1 f6 13. Ne4 a5 14. Bxe5 fxe5 15.
Rxb3 Bxb3 16. Qxb3+ Qd5 17. Qc3 axb4 18. axb4 c6 19. Nxe5 Qa2 20. Qd4 Nd5 21.
Nc5 Bf6 22. Nxb7 Bxe5 23. Qxe5 Rae8 24. Ra1 Rxe5 25. Rxa2 Nc3 26. Rc2 Nxe2+ 27.
Kf1 Nd4 28. Rc4 Nf5 29. Rxc6 Ne3+ 30. Kg1 Nxg2 31. Kxg2 Re2 32. Kh3 Rfxf2 33.
Kg4 Rb2 34. Rb6 Rf6 35. Rb5 Rxh2 36. Nc5 h5+ 37. Kg5 h4 38. g4 h3 39. Ne4 Rh6
40. Rb8+ Kf7 41. Rb7+ Ke6 42. Rxg7 Rh8 43. Ng3 Rg2 0-1

[Event "2MCRE_F"]
[Site "?"]
[Date "2003.??.??"]
[Round "?"]
[White "Privoznik, Lubos"]
[Black "Priesol, Daniel"]
[Result "1-0"]
[WhiteElo "2249"]
[BlackElo "2304"]
[PlyCount "65"]
[EventDate "2003.??.??"]
[EventType "corr"]
[SourceDate "2003.09.09"]

1. Nf3 Nf6 2. c4 c5 3. Nc3 e6 4. g3 b6 5. Bg2 Bb7 6. d4 cxd4 7. Qxd4 d6 8. Bg5
Nbd7 9. Nb5 h6 10. Bxf6 Nxf6 11. Rd1 Ba6 12. Ne5 Bxb5 13. cxb5 d5 14. e4 Bc5
15. Qa4 Qc7 16. Nc6 dxe4 17. Bxe4 Nxe4 18. Qxe4 O-O 19. b4 Be7 20. a4 Bf6 21.
O-O Rfc8 22. Rd3 a6 23. Rfd1 axb5 24. axb5 Rf8 25. Kg2 Ra1 26. R1d2 Qb7 27. Qe3
Rb8 28. Kh3 Re8 29. Rd7 Qa8 30. Qxb6 Ra2 31. Qe3 Ra3 32. Qc5 Qa4 33. Qc4 1-0

[Event "2MCRE_F"]
[Site "?"]
[Date "2003.??.??"]
[Round "?"]
[White "Postl, Rostislav"]
[Black "Thoma, Otomar"]
[Result "1/2-1/2"]
[WhiteElo "2251"]
[BlackElo "2206"]
[PlyCount "154"]
[EventDate "2003.??.??"]
[EventType "corr"]
[SourceDate "2003.09.09"]

1. d4 Nf6 2. c4 e6 3. Nf3 Bb4+ 4. Bd2 Qe7 5. g3 Nc6 6. Bg2 O-O 7. O-O Bxd2 8.
Nbxd2 d6 9. Qb3 e5 10. e3 Re8 11. d5 Nb8 12. a3 Nbd7 13. Qc2 Nf8 14. b4 Bd7 15.
Rac1 Ng6 16. Qc3 Rac8 17. e4 c6 18. dxc6 Rxc6 19. Qd3 Rec8 20. Nb3 Be6 21. Nfd2
b6 22. Rc3 R6c7 23. Rfc1 Qd7 24. Nf1 h6 25. Ne3 Ne7 26. Nd2 Qd8 27. b5 Rc5 28.
h3 Qd7 29. Kh2 Ng6 30. Rd1 Rd8 31. a4 h5 32. a5 h4 33. axb6 axb6 34. Ra1 Rdc8
35. Ra6 Qc7 36. Rc2 Ne7 37. Qa3 Qd8 38. Nb3 Rxc4 39. Nxc4 Bxc4 40. Qb4 Be6 41.
Rxc8 Nxc8 42. Ra8 Qd7 43. Qc3 hxg3+ 44. fxg3 Kh7 45. Qd3 Na7 46. Nd4 exd4 47.
e5+ Bf5 48. Qxd4 Ng8 49. Qxb6 Nc8 50. Qa6 dxe5 51. b6 Nd6 52. Ra7 Qd8 53. b7
Nxb7 54. Qxb7 Nh6 55. Qd5 Qb6 56. Re7 f6 57. Qc6 Qxc6 58. Bxc6 Bg6 59. g4 Nf7
60. h4 Nd6 61. Rd7 Nc4 62. Rd8 Ne3 63. Kg3 Nf1+ 64. Kf2 Nh2 65. Bd7 Be4 66. Be6
g6 67. Rf8 f5 68. Rf7+ Kh8 69. gxf5 Ng4+ 70. Kg3 Nh6 71. Re7 Nxf5+ 72. Bxf5
Bxf5 73. Rxe5 Kh7 74. Kf4 Kh6 75. Re8 Bc2 76. Rb8 Bf5 77. Ra8 Bc2 1/2-1/2

[Event "2MCRE_F"]
[Site "?"]
[Date "2003.??.??"]
[Round "?"]
[White "Firla, Stanislav"]
[Black "Postl, Rostislav"]
[Result "0-1"]
[WhiteElo "2344"]
[BlackElo "2251"]
[PlyCount "108"]
[EventDate "2003.??.??"]
[EventType "corr"]
[SourceDate "2003.09.09"]

1. e4 e5 2. f4 exf4 3. Nf3 g5 4. d4 g4 5. Bxf4 gxf3 6. Qxf3 Nc6 7. Bc4 d5 8.
Bxd5 Nxd4 9. Bxf7+ Kxf7 10. Qh5+ Kg7 11. O-O Bf5 12. Be5+ Nf6 13. Nc3 Bg6 14.
Qg5 Be7 15. Rad1 c5 16. Nd5 h6 17. Qh4 Rf8 18. c3 Nc6 19. Nxf6 Nxe5 20. Rxd8
Bxd8 21. Nh5+ Bxh5 22. Qxh5 Bg5 23. g3 Rxf1+ 24. Kxf1 Rf8+ 25. Kg2 Rd8 26. Kf1
b6 27. h4 Bf6 28. Qe2 Rd3 29. Qc2 Rxg3 30. Qa4 a5 31. Qb3 Bxh4 32. Qxb6 Rf3+
33. Kg2 Rf2+ 34. Kh3 Be7 35. Qxa5 Rxb2 36. Qc7 Ng6 37. a4 Rc2 38. a5 Rxc3+ 39.
Kg2 Ra3 40. Qb6 c4 41. Qd4+ Kf8 42. Qb6 Kf7 43. Qf2+ Kg8 44. Qb6 Kh7 45. Qc7 c3
46. a6 h5 47. a7 h4 48. Kf2 Kh6 49. Kg2 Ra2+ 50. Kh1 Bf6 51. Qc6 c2 52. a8=Q
Rxa8 53. Qxc2 Ra1+ 54. Kg2 Be5 0-1

[Event "2MCRE_F"]
[Site "?"]
[Date "2003.??.??"]
[Round "?"]
[White "Firla, Stanislav"]
[Black "Hybl, Vladislav"]
[Result "1/2-1/2"]
[WhiteElo "2340"]
[BlackElo "2305"]
[PlyCount "60"]
[EventDate "2003.??.??"]
[EventType "corr"]
[SourceDate "2003.09.09"]

1. d4 f5 2. g3 Nf6 3. Bg2 e6 4. Nf3 d5 5. c4 c6 6. Bf4 dxc4 7. O-O Nd5 8. Bg5
Be7 9. Bxe7 Qxe7 10. Ne5 O-O 11. Nxc4 Nd7 12. Nc3 N5b6 13. Qb3 Nxc4 14. Qxc4
Nb6 15. Qb3 Bd7 16. a4 Nd5 17. a5 Rab8 18. e3 Be8 19. Qa3 Qxa3 20. Rxa3 Bf7 21.
a6 b6 22. Nxd5 exd5 23. Rc1 Be8 24. Rac3 Rf6 25. b4 b5 26. Kf1 g5 27. Ke2 Bd7
28. h3 Kf7 29. Rh1 h5 30. h4 g4 1/2-1/2

[Event "2MCRE_F"]
[Site "?"]
[Date "2003.??.??"]
[Round "?"]
[White "Pravec, Ladislav"]
[Black "Hybl, Vladislav"]
[Result "1-0"]
[WhiteElo "2302"]
[BlackElo "2305"]
[PlyCount "85"]
[EventDate "2003.??.??"]
[EventType "corr"]
[SourceDate "2003.09.09"]

1. d4 f5 2. g3 Nf6 3. Bg2 e6 4. c4 d5 5. Nf3 c6 6. O-O Bd6 7. Qc2 O-O 8. Ne5 b6
9. Nc3 a6 10. Bg5 Bb7 11. Na4 b5 12. cxd5 cxd5 13. Nc5 Qc8 14. Rfc1 Ne4 15.
Bxe4 fxe4 16. Bf4 Bxe5 17. Bxe5 a5 18. Bd6 Re8 19. f3 exf3 20. exf3 Qc6 21. Be5
Nd7 22. Nxd7 Qxd7 23. Qc7 Re7 24. Qxd7 Rxd7 25. Rc5 Ba6 26. Kf2 a4 27. b4 axb3
28. axb3 Kf7 29. Rxb5 Bxb5 30. Rxa8 Rb7 31. h4 h5 32. b4 Bd3 33. Ke3 Bc4 34. g4
g6 35. Bd6 Rd7 36. Bc5 Rb7 37. Kf4 Kg7 38. g5 Rf7+ 39. Ke5 Rxf3 40. Ra5 Re3+
41. Kd6 Rb3 42. Ra7+ Kg8 43. Kxe6 1-0

[Event "2MCRE_F"]
[Site "?"]
[Date "2003.??.??"]
[Round "?"]
[White "Firla, Stanislav"]
[Black "Koci, Vladimir"]
[Result "1/2-1/2"]
[WhiteElo "2344"]
[BlackElo "2243"]
[PlyCount "86"]
[EventDate "2003.??.??"]
[EventType "corr"]
[SourceDate "2003.09.09"]

1. d4 Nf6 2. c4 e6 3. Nf3 d5 4. g3 dxc4 5. Bg2 Nc6 6. Qa4 Qd5 7. O-O b5 8. Qd1
Qd7 9. Ne5 Nxe5 10. Bxa8 Nc6 11. Nc3 a6 12. Bg5 Be7 13. e3 O-O 14. Qf3 Nb4 15.
a3 Nd3 16. Bc6 Qd8 17. Qe2 e5 18. dxe5 Nxe5 19. Rfd1 Bd6 20. Bg2 h6 21. Bxf6
Qxf6 22. Ne4 Qe7 23. Nxd6 cxd6 24. Rd4 Bf5 25. a4 bxa4 26. Rxa4 Rb8 27. e4 Bg4
28. Qc2 Qb7 29. Ra3 Qxb2 30. Qxb2 Rxb2 31. h3 Be2 32. Rxd6 Bd3 33. Rd5 f6 34.
g4 Kh7 35. Rda5 Kg6 36. Rc5 Kg5 37. Rc7 g6 38. Rxa6 c3 39. Ra3 c2 40. Rac3 Rb1+
41. Kh2 Kf4 42. Rxc2 Bxc2 43. Rxc2 Rb6 1/2-1/2

[Event "2MCRE_F"]
[Site "?"]
[Date "2003.??.??"]
[Round "?"]
[White "Sykora, Josef"]
[Black "Firla, Stanislav"]
[Result "0-1"]
[WhiteElo "2365"]
[BlackElo "2344"]
[PlyCount "98"]
[EventDate "2003.??.??"]
[EventType "corr"]
[SourceDate "2003.09.09"]

1. c4 Nf6 2. Nf3 c5 3. Nc3 e6 4. g3 b6 5. Bg2 Bb7 6. O-O Be7 7. d4 cxd4 8. Qxd4
d6 9. Bg5 a6 10. Bxf6 Bxf6 11. Qd3 Ra7 12. Rfd1 Be7 13. Ne4 O-O 14. Rac1 Ba8
15. a3 h6 16. b4 Rd7 17. Nc3 Qc7 18. e4 Rc8 19. Qe3 Rdd8 20. Nd4 Nd7 21. f4 Bf6
22. Nce2 g6 23. h3 Bg7 24. Kh2 Re8 25. Nb3 Nf6 26. Nc3 Red8 27. Rd2 Nd7 28. Ne2
Bc6 29. b5 Bb7 30. bxa6 Bxa6 31. Ned4 Qa7 32. e5 Nb8 33. Nb5 Bxb5 34. cxb5 dxe5
35. fxe5 Nd7 36. Rd6 Rxc1 37. Nxc1 Bxe5 38. Rd3 Bf6 39. Qxh6 Qa4 40. Qd2 Qxb5
41. Ne2 Qg5 42. Qd1 Ne5 43. Rxd8+ Bxd8 44. Qd4 Bc7 45. Qe4 Qd2 46. a4 g5 47.
Bf1 f5 48. Qb7 Bd6 49. Qc8+ Kf7 0-1

[Event "2MCRE_F"]
[Site "?"]
[Date "2003.??.??"]
[Round "?"]
[White "Thoma, Otomar"]
[Black "Priesol, Daniel"]
[Result "1/2-1/2"]
[WhiteElo "2206"]
[BlackElo "2304"]
[PlyCount "99"]
[EventDate "2003.??.??"]
[EventType "corr"]
[SourceDate "2003.09.09"]

1. e4 c5 2. Nf3 d6 3. d4 cxd4 4. Nxd4 Nf6 5. Nc3 a6 6. Be2 e5 7. Nb3 Be7 8. O-O
O-O 9. Be3 Be6 10. f4 exf4 11. Rxf4 Nc6 12. Nd5 Bxd5 13. exd5 Ne5 14. Rb4 Qc7
15. a4 Nfd7 16. a5 Rfe8 17. c3 Bf6 18. Qd2 Re7 19. Nd4 g6 20. Nb3 Rae8 21. Re1
Bg7 22. c4 f5 23. Bf2 Nf7 24. Qc2 Nc5 25. Nxc5 dxc5 26. Rb6 Bd4 27. Bxd4 cxd4
28. b4 Re3 29. Re6 R8xe6 30. dxe6 Rxe6 31. Qd2 Qe5 32. c5 Kf8 33. h3 Qe3+ 34.
Qxe3 Rxe3 35. Kf2 Rb3 36. b5 axb5 37. Bf3 Nd8 38. Ra1 Rc3 39. Bxb7 Nxb7 40. a6
Nxc5 41. a7 Ne4+ 42. Ke2 d3+ 43. Ke3 d2+ 44. Ke2 Rc8 45. a8=Q Rxa8 46. Rxa8+
Ke7 47. Ra6 g5 48. Rh6 b4 49. Rb6 h5 50. Rxb4 1/2-1/2

[Event "2MCRE_F"]
[Site "?"]
[Date "2003.??.??"]
[Round "?"]
[White "Sykora, Josef"]
[Black "Privoznik, Lubos"]
[Result "1/2-1/2"]
[WhiteElo "2365"]
[BlackElo "2249"]
[PlyCount "88"]
[EventDate "2003.??.??"]
[EventType "corr"]
[SourceDate "2003.09.09"]

1. c4 Nf6 2. Nf3 c5 3. g3 b6 4. Bg2 Bb7 5. O-O g6 6. Nc3 Bg7 7. d4 cxd4 8. Qxd4
d6 9. b3 Nbd7 10. Bb2 Rc8 11. Rfd1 O-O 12. Rac1 Re8 13. Nd5 Nc5 14. Qh4 e5 15.
Ne1 Bxd5 16. Bxd5 e4 17. Ng2 Qe7 18. Bxf6 Bxf6 19. Qg4 Bg5 20. Rc2 Kh8 21. h4
Bh6 22. h5 Nd7 23. hxg6 hxg6 24. Qh4 Qxh4 25. Nxh4 Re7 26. Ng2 Nf6 27. a4 Kg7
28. e3 Nd7 29. Ra2 Nc5 30. Rb1 Nd3 31. Ne1 Nb4 32. Rd2 Re5 33. Rbd1 Rc5 34. Nc2
Nxd5 35. cxd5 Re7 36. Nb4 Rc3 37. Nc6 Rc7 38. Rb1 f5 39. Kg2 Kf6 40. b4 a6 41.
a5 b5 42. Rbb2 Rc1 43. Rbc2 Re1 44. Re2 Rd1 1/2-1/2

[Event "2MCRE_F"]
[Site "?"]
[Date "2003.??.??"]
[Round "?"]
[White "Alexa, Jaroslav"]
[Black "Thoma, Otomar"]
[Result "1-0"]
[WhiteElo "2362"]
[BlackElo "2206"]
[PlyCount "89"]
[EventDate "2003.??.??"]
[EventType "corr"]
[SourceDate "2003.09.09"]

1. d4 d5 2. c4 c6 3. Nf3 Nf6 4. Nc3 e6 5. Bg5 h6 6. Bh4 Be7 7. e3 O-O 8. Bd3
dxc4 9. Bxc4 b5 10. Bd3 Bb7 11. O-O Nbd7 12. Rc1 a6 13. a4 b4 14. Bxf6 Nxf6 15.
Ne4 Nd7 16. Bb1 a5 17. Qc2 f5 18. Nc5 Nxc5 19. dxc5 Qc7 20. Nd4 Qe5 21. Ba2 Kh8
22. Rfe1 Rae8 23. Bxe6 Bc8 24. f4 Qf6 25. Bxc8 Rxc8 26. Qd3 Ra8 27. Kh1 Qg6 28.
b3 Ra7 29. Rc2 Rf6 30. Nf3 Qe8 31. Ne5 Re6 32. Qxf5 Bf6 33. Nc4 Rd7 34. Rce2
Bc3 35. Rf1 Rd5 36. Qc2 Rxc5 37. e4 Re7 38. Qd3 Rd7 39. Qf3 Rd4 40. Re3 Qf7 41.
e5 Rd8 42. Nd6 Qd7 43. Ne4 Rd5 44. Nxc3 bxc3 45. Rxc3 1-0

[Event "2MCRE_F"]
[Site "?"]
[Date "2003.??.??"]
[Round "?"]
[White "Vozda, Jindrich"]
[Black "Hybl, Vladislav"]
[Result "0-1"]
[WhiteElo "2494"]
[BlackElo "2309"]
[PlyCount "74"]
[EventDate "2003.??.??"]
[EventType "corr"]
[SourceDate "2003.09.09"]

1. e4 e6 2. d4 d5 3. Nc3 dxe4 4. Nxe4 Nd7 5. Nf3 Ngf6 6. Nxf6+ Nxf6 7. Bd3 c5
8. Be3 Qc7 9. Qe2 Bd7 10. c3 Bd6 11. Rd1 O-O 12. dxc5 Bxc5 13. O-O Bxe3 14.
Qxe3 Rfd8 15. c4 Bc6 16. Ne5 Nd7 17. Nxc6 Qxc6 18. Rd2 Nf6 19. Rfd1 Rd7 20.
Bxh7+ Kxh7 21. Rxd7 Nxd7 22. Qd3+ f5 23. Qxd7 Qxc4 24. g3 Qe2 25. Rd4 Qxb2 26.
Rh4+ Kg6 27. Qxe6+ Qf6 28. Qd7 Qf7 29. Qd6+ Qf6 30. Qd1 Qe6 31. a3 Re8 32. Qh5+
Kf6 33. Rd4 Qc6 34. Rd1 Re5 35. h4 f4 36. Qg4 fxg3 37. Qf3+ Qxf3 0-1

[Event "2MCRE_F"]
[Site "?"]
[Date "2003.??.??"]
[Round "?"]
[White "Alexa, Jaroslav"]
[Black "Brousek, Jiri"]
[Result "1-0"]
[WhiteElo "2362"]
[BlackElo "2361"]
[PlyCount "149"]
[EventDate "2003.??.??"]
[EventType "corr"]
[SourceDate "2003.09.09"]

1. d4 e6 2. c4 f5 3. g3 Nf6 4. Bg2 c6 5. Nf3 d5 6. O-O Bd6 7. b3 Qe7 8. Bb2 O-O
9. Nbd2 b6 10. Ne5 Bb7 11. Rc1 a5 12. e3 c5 13. dxc5 Bxc5 14. Nd3 Nbd7 15. cxd5
Bxd5 16. Bxf6 Nxf6 17. Bxd5 Nxd5 18. Nxc5 bxc5 19. Qc2 Rfd8 20. Nc4 Nb4 21. Qe2
e5 22. Rfd1 Rxd1+ 23. Rxd1 e4 24. Qd2 Kh8 25. Nxa5 h6 26. a3 Nd3 27. Nc4 Qf6
28. Qc2 Rd8 29. f3 Kh7 30. fxe4 fxe4 31. Rf1 Qe6 32. Qg2 Rb8 33. Nd2 Re8 34. a4
Qg4 35. a5 Re6 36. h3 Qg5 37. Nc4 Kg8 38. Kh2 Rg6 39. g4 Re6 40. Qg3 Qd8 41. h4
Rg6 42. Kg2 Kh7 43. h5 Rc6 44. g5 hxg5 45. Qg4 Qe7 46. Nd2 Re6 47. Qf5+ Kh8 48.
Kg1 Qe8 49. Qf8+ Kh7 50. Qxe8 Rxe8 51. Ra1 Ne5 52. Nxe4 Nd7 53. Ra4 Kh6 54. a6
Nb6 55. Nd6 Ra8 56. Ra5 Kxh5 57. a7 Kg4 58. Kg2 Rd8 59. Nf7 Rd2+ 60. Kf1 Na8
61. Ne5+ Kg3 62. Rxc5 Rf2+ 63. Ke1 Ra2 64. Nc6 g4 65. Rf5 Kh4 66. Rf4 g6 67.
Ra4 Rb2 68. Ne5 Rxb3 69. Rxg4+ Kh5 70. Re4 g5 71. Kf2 Ra3 72. Nc6 Ra6 73. Re8
Nc7 74. Rc8 Rxc6 75. a8=Q 1-0

[Event "2MCRE_F"]
[Site "?"]
[Date "2003.??.??"]
[Round "?"]
[White "Alexa, Jaroslav"]
[Black "Privoznik, Lubos"]
[Result "1/2-1/2"]
[WhiteElo "2362"]
[BlackElo "2249"]
[PlyCount "80"]
[EventDate "2003.??.??"]
[EventType "corr"]
[SourceDate "2003.09.09"]

1. d4 Nf6 2. c4 e6 3. Nf3 b6 4. g3 Ba6 5. b3 Bb7 6. Bg2 Bb4+ 7. Bd2 a5 8. O-O
O-O 9. Qc2 d5 10. cxd5 exd5 11. Bg5 Be7 12. Nc3 Re8 13. Ne5 Nbd7 14. Rfd1 Nf8
15. e3 Ne6 16. Bxf6 Bxf6 17. Rac1 Rc8 18. f4 c6 19. Rf1 Qd6 20. Qf5 Rc7 21. Na4
Qb4 22. Rc2 Bxe5 23. fxe5 c5 24. Rd1 Bc6 25. dxc5 Bxa4 26. bxa4 Qxa4 27. Bxd5
bxc5 28. Bb3 Qb5 29. Bc4 Qb4 30. h3 Rce7 31. Kh2 h6 32. Rf1 Qb6 33. Rcf2 Nd8
34. Qc2 Qb8 35. Qg6 Kh8 36. Qd6 Qb4 37. Rxf7 Nxf7 38. Bxf7 Qb2+ 39. Kg1 Rxf7
40. Rxf7 Qa1+ 1/2-1/2

[Event "2MCRE_F"]
[Site "?"]
[Date "2003.??.??"]
[Round "?"]
[White "Koci, Vladimir"]
[Black "Alexa, Jaroslav"]
[Result "1/2-1/2"]
[WhiteElo "2243"]
[BlackElo "2362"]
[PlyCount "89"]
[EventDate "2003.??.??"]
[EventType "corr"]
[SourceDate "2003.09.09"]

1. d4 Nf6 2. Nf3 e6 3. Bf4 c5 4. e3 Qb6 5. Qc1 Nc6 6. c3 Nh5 7. Bg5 h6 8. Bh4
g5 9. Bg3 Nxg3 10. hxg3 Bg7 11. dxc5 Qxc5 12. Nbd2 d5 13. Nb3 Qb6 14. Qc2 Bd7
15. a4 Ne7 16. a5 Qd6 17. Nfd4 a6 18. Bd3 f5 19. Nd2 O-O 20. Qd1 b5 21. g4 f4
22. e4 b4 23. Rc1 Rfc8 24. O-O bxc3 25. bxc3 Qa3 26. N2b3 Bxd4 27. Nxd4 Rxc3
28. Ra1 Qd6 29. Qd2 Rc7 30. Rab1 dxe4 31. Bxe4 Bc6 32. Qd3 Bxe4 33. Qxe4 Qd5
34. Rfe1 Qxe4 35. Rxe4 Rd7 36. Rxe6 Rxd4 37. Rxe7 Rd5 38. Rbb7 Rxa5 39. Rg7+
Kh8 40. Rh7+ Kg8 41. Rbg7+ Kf8 42. Rc7 Kg8 43. Rxh6 Re5 44. Rg6+ Kh8 45. Rh6+
1/2-1/2

[Event "2MCRE_F"]
[Site "?"]
[Date "2003.??.??"]
[Round "?"]
[White "Thoma, Otomar"]
[Black "Firla, Stanislav"]
[Result "1/2-1/2"]
[WhiteElo "2206"]
[BlackElo "2344"]
[PlyCount "103"]
[EventDate "2003.??.??"]
[EventType "corr"]
[SourceDate "2003.09.09"]

1. e4 e5 2. Nf3 Nc6 3. Bb5 f5 4. Nc3 Nf6 5. exf5 e4 6. Ng5 d5 7. d3 exd3 8.
Qxd3 Bb4 9. O-O O-O 10. Bxc6 bxc6 11. Ne2 a5 12. Qh3 Re8 13. Nd4 Qd7 14. Nde6
Qe7 15. c3 Bd6 16. Re1 h6 17. Nf3 Ne4 18. Be3 c5 19. Rad1 Qf7 20. c4 Rxe6 21.
fxe6 Bxe6 22. Qh4 c6 23. Bc1 Bc7 24. b3 Bf5 25. Bb2 Re8 26. Re2 Re6 27. cxd5
cxd5 28. Rxd5 g5 29. Nxg5 Nxg5 30. Rxe6 Qxe6 31. Rd1 Qe2 32. Qc4+ Qxc4 33. bxc4
Be6 34. h4 Nf7 35. a4 Kf8 36. g3 Ke7 37. Ba3 Bd6 38. f4 h5 39. Rb1 Kd7 40. Rb5
Bxc4 41. Rxa5 Kc6 42. Ra8 Bd5 43. Kf2 c4 44. Bxd6 Nxd6 45. Rb8 c3 46. Ke2 Be4
47. Kd1 Kc5 48. a5 c2+ 49. Kc1 Nf5 50. Re8 Nxg3 51. Rxe4 Nxe4 52. Kxc2 1/2-1/2

[Event "2MCRE_F"]
[Site "?"]
[Date "2003.??.??"]
[Round "?"]
[White "Vozda, Jindrich"]
[Black "Postl, Rostislav"]
[Result "1/2-1/2"]
[WhiteElo "2494"]
[BlackElo "2251"]
[PlyCount "128"]
[EventDate "2003.??.??"]
[EventType "corr"]
[SourceDate "2003.09.09"]

1. e4 c5 2. Nf3 Nc6 3. d4 cxd4 4. Nxd4 Nf6 5. Nc3 e5 6. Ndb5 d6 7. Bg5 a6 8.
Na3 b5 9. Bxf6 gxf6 10. Nd5 Bg7 11. Bd3 Ne7 12. Nxe7 Qxe7 13. c4 f5 14. O-O O-O
15. cxb5 d5 16. exd5 e4 17. Qe2 Qb4 18. Bc4 Qxb2 19. Nc2 axb5 20. Rab1 Qf6 21.
Rxb5 f4 22. f3 e3 23. Nb4 Rd8 24. Nc6 Rd6 25. Rfb1 Bf8 26. R5b2 Qg5 27. Kh1 Bf5
28. Re1 Bd7 29. g3 Re8 30. Rg1 Rg6 31. Rb7 Bc8 32. Rbb1 fxg3 33. Rxg3 Qh5 34.
Rgg1 Bd6 35. Bd3 Bf5 36. Bxf5 Qxf5 37. Rbd1 Ra8 38. Rg2 Kf8 39. Qb2 f6 40. Qe2
Rxg2 41. Kxg2 Qh5 42. Kg1 Kf7 43. Nd4 Bf4 44. Kh1 Ra5 45. Qg2 Rxd5 46. Rg1
Qxh2+ 47. Qxh2 Bxh2 48. Kxh2 Rxd4 49. Re1 Rd2+ 50. Kg3 e2 51. a4 h5 52. a5 Ra2
53. Kf2 Rxa5 54. Rxe2 Ra4 55. Kg3 h4+ 56. Kf2 Kg6 57. Re8 Ra2+ 58. Ke3 Ra3+ 59.
Kf4 Ra4+ 60. Ke3 Kf5 61. Rh8 Rc4 62. Kf2 Rd4 63. Ke3 Rb4 64. Kf2 Rd4 1/2-1/2